Geography Quiz

Random Geography or City Quiz

Largest Second Place Cities Quiz Stats

 Plays Quiz Updated Jun 26, 2018

Score 0/25 Timer 06:00
16 Plays Today
Population* City % Correct
17.7Los Angeles
94.2%
29.5Shanghai/Suzhou
79.4%
24.2Mumbai
69.8%
5.6Saint Petersburg
69.6%
17.7Osaka/Kobe/Kyoto
68.2%
12.8Rio de Janeiro/Nova Iguaçu/São Gonçalo
65.6%
4.7Barcelona
64.6%
4.2Montréal
63.7%
4.6Melbourne
58.2%
5.0Cologne/Dusseldorf
51.5%
4.9Ankara
44.4%
5.9Alexandria
44.1%
4.1Cape Town
44.1%
Population* City % Correct
3.8Hanoi
43.8%
4.2Naples
41.2%
5.2Guadalajara
39.1%
12.2Lahore
29.9%
4.2Busan
29.7%
3.9Medellín
23.7%
6.2Bandung
16.7%
4.6Jeddah
16.2%
4.4Kano
15.7%
4.7Chittagong
13.6%
3.1Birmingham
9.4%
3.1Mashhad or Isfahan (tie)
7.5%

You're not logged in!

Compare scores with friends on all Sporcle quizzes.
OR
Log In

Sporcle TV

Today on Sporcle TV


Watch our educational content, quiz creation guides, and fun videos on Sporcle TV.

Show Comments

Extras

Top Quizzes Today


Score Distribution

Your Account Isn't Verified!

In order to create a playlist on Sporcle, you need to verify the email address you used during registration. Go to your Sporcle Settings to finish the process.

Report this User

Report this user for behavior that violates our Community Guidelines.

Details: